Jak by se Konfucius domáhal zvýšení platu? /

Gespeichert in:
Bibliographische Detailangaben
1. Verfasser: Orsborn, Carol (Verfasst von)
Format: Buch
Sprache:Tschechisch
Veröffentlicht: Praha : Grada, 1996
Ausgabe:, prel.z angl.orig.
Tags: Tag hinzufügen
Keine Tags, Fügen Sie das erste Tag hinzu!

MARC

LEADER 00000nam a22000003a 4500
001 stu30600
005 20150617225735.2
008 980120s1996----cs------------------cze-d
020 |a 80-7169-227-1 
040 |a STU  |b slo 
041 0 |a cze 
044 |a cs 
080 |a 331.2 
100 1 |a Orsborn, Carol  |4 aut 
245 1 |a Jak by se Konfucius domáhal zvýšení platu? /  |c [aut]Orsborn,Carol 
250 |a , prel.z angl.orig. 
260 |a Praha :  |b Grada,  |c 1996 
300 |a 247 s 
996 |b 284V027442  |c V*45143/O-19735  |l VVT  |s A  |a 24  |w stu30600_0001